[Event "DEM U14 2020"]
[Site "Willingen GER"]
[Date "2020.10.20"]
[Round "1"]
[White "Eilenberg, Jonas"]
[Black "Freude, Max"]
[Result "1-0"]
[Termination "normal"]
[Board "1"]
[WhiteElo "2242"]
[BlackElo "1850"]
[WhiteClock "00:24:58"]
[BlackClock "00:04:45"]
[PlyCount "119"]
[WhiteFideId "16204271"]
[BlackFideId "16236157"]
[EventCountry "GER"]
[EventRounds "7"]
[EventType "swiss"]
[EventDate "2020.10.19"]

1. d4 {[%clk 1:30:57]} Nf6 {[%clk 1:30:49]} 2. c4 {[%clk 1:31:14]} e6 {[%clk
1:30:42]} 3. Nc3 {[%clk 1:31:30]} Bb4 {[%clk 1:30:47]} 4. Bd2 {[%clk 1:31:45]}
O-O {[%clk 1:29:15]} 5. e3 {[%clk 1:31:52]} d5 {[%clk 1:26:59]} 6. cxd5 {[%clk
1:32:03]} exd5 {[%clk 1:27:04]} 7. Bd3 {[%clk 1:32:18]} c5 {[%clk 1:20:12]} 8.
a3 {[%clk 1:25:02]} Bxc3 {[%clk 1:17:45]} 9. bxc3 {[%clk 1:24:40]} Nc6 {[%clk
1:15:54]} 10. Ne2 {[%clk 1:19:46]} Qe7 {[%clk 1:04:41]} 11. O-O {[%clk
1:13:53]} b6 {[%clk 1:00:34]} 12. Ng3 {[%clk 1:07:19]} Ne4 {[%clk 0:55:18]} 13.
Bxe4 {[%clk 1:00:24]} dxe4 {[%clk 0:52:15]} 14. f3 {[%clk 0:55:24]} Ba6 {[%clk
0:50:33]} 15. Rf2 {[%clk 0:53:56]} f5 {[%clk 0:46:57]} 16. Qa4 {[%clk 0:50:40]}
Na5 {[%clk 0:41:06]} 17. Re1 {[%clk 0:35:08]} Bd3 {[%clk 0:31:32]} 18. fxe4
{[%clk 0:26:44]} fxe4 {[%clk 0:30:22]} 19. Nf5 {[%clk 0:24:52]} Qc7 {[%clk
0:20:02]} 20. c4 {[%clk 0:19:52]} Nxc4 {[%clk 0:17:10]} 21. Bc3 {[%clk
0:19:27]} Nd6 {[%clk 0:14:46]} 22. g4 {[%clk 0:14:02]} Nxf5 {[%clk 0:12:31]}
23. gxf5 {[%clk 0:14:27]} Rf7 {[%clk 0:09:41]} 24. dxc5 {[%clk 0:13:43]} Qxc5
{[%clk 0:08:28]} 25. Bd4 {[%clk 0:14:06]} Qb5 {[%clk 0:07:17]} 26. Qxb5 {[%clk
0:12:47]} Bxb5 {[%clk 0:07:46]} 27. Rg2 {[%clk 0:12:43]} Rc8 {[%clk 0:04:56]}
28. h4 {[%clk 0:11:37]} Kf8 {[%clk 0:03:46]} 29. Rf2 {[%clk 0:08:12]} Ke7
{[%clk 0:03:26]} 30. Rf4 {[%clk 0:06:16]} Bd3 {[%clk 0:03:42]} 31. Kh2 {[%clk
0:05:21]} Rcf8 {[%clk 0:03:10]} 32. Bc3 {[%clk 0:03:19]} Rxf5 {[%clk 0:03:28]}
33. Bb4+ {[%clk 0:03:38]} Ke8 {[%clk 0:03:17]} 34. Bxf8 {[%clk 0:03:59]} Rxf4
{[%clk 0:03:41]} 35. exf4 {[%clk 0:04:19]} Kxf8 {[%clk 0:04:06]} 36. Kg3 {[%clk
0:04:18]} a5 {[%clk 0:04:14]} 37. a4 {[%clk 0:02:34]} Ke7 {[%clk 0:04:06]} 38.
Kf2 {[%clk 0:01:42]} Kd6 {[%clk 0:04:06]} 39. Rc1 {[%clk 0:01:10]} b5 {[%clk
0:00:44]} 40. axb5 {[%clk 0:01:18]} Bxb5 {[%clk 0:01:08]} 41. Ke3 {[%clk
0:01:02]} g6 {[%clk 0:18:37]} 42. Kxe4 {[%clk 0:30:56]} h5 {[%clk 0:18:16]} 43.
Rg1 {[%clk 0:29:39]} Be8 {[%clk 0:18:18]} 44. Kd4 {[%clk 0:28:39]} a4 {[%clk
0:15:28]} 45. Rc1 {[%clk 0:27:29]} Bf7 {[%clk 0:13:40]} 46. Rc5 {[%clk
0:27:04]} Ke6 {[%clk 0:10:01]} 47. Ra5 {[%clk 0:25:44]} Kf6 {[%clk 0:07:25]}
48. Ke4 {[%clk 0:25:57]} Bb3 {[%clk 0:07:44]} 49. Ra6+ {[%clk 0:26:09]} Kg7
{[%clk 0:07:37]} 50. Ke5 {[%clk 0:26:31]} Bd1 {[%clk 0:07:20]} 51. Ra7+ {[%clk
0:26:35]} Kh6 {[%clk 0:07:08]} 52. Kf6 {[%clk 0:26:17]} Bb3 {[%clk 0:06:31]}
53. Rg7 {[%clk 0:24:52]} Bc2 {[%clk 0:06:28]} 54. Rc7 {[%clk 0:24:37]} Bb3
{[%clk 0:06:25]} 55. Rc8 {[%clk 0:23:33]} Kh7 {[%clk 0:05:57]} 56. Kg5 {[%clk
0:23:46]} Bf7 {[%clk 0:04:44]} 57. Rc7 {[%clk 0:24:00]} Kg8 {[%clk 0:04:07]}
58. Kf6 {[%clk 0:24:18]} Be8 {[%clk 0:04:21]} 59. Rc8 {[%clk 0:24:36]} Kf8
{[%clk 0:04:45]} 60. Ra8 {[%clk 0:24:58]} 1-0

[Event "DEM U14 2020"]
[Site "Willingen GER"]
[Date "2020.10.20"]
[Round "1"]
[White "Hommer, Jeremy"]
[Black "Rempe, Jonas"]
[Result "1-0"]
[Termination "normal"]
[Board "3"]
[WhiteElo "2246"]
[BlackElo "1925"]
[WhiteClock "00:33:10"]
[BlackClock "00:13:51"]
[PlyCount "41"]
[WhiteFideId "12992577"]
[BlackFideId "16202406"]
[EventCountry "GER"]
[EventRounds "7"]
[EventType "swiss"]
[EventDate "2020.10.19"]

1. e4 {[%clk 1:30:52]} e5 {[%clk 1:30:53]} 2. Nf3 {[%clk 1:31:14]} Nc6 {[%clk
1:31:19]} 3. Bc4 {[%clk 1:31:37]} Nf6 {[%clk 1:31:44]} 4. d3 {[%clk 1:32:01]}
Be7 {[%clk 1:32:09]} 5. Nc3 {[%clk 1:32:23]} O-O {[%clk 1:32:34]} 6. a3 {[%clk
1:32:35]} d6 {[%clk 1:32:59]} 7. O-O {[%clk 1:32:53]} Kh8 {[%clk 1:33:26]} 8.
h3 {[%clk 1:31:41]} Ng8 {[%clk 1:29:22]} 9. d4 {[%clk 1:29:33]} f5 {[%clk
1:16:52]} 10. dxe5 {[%clk 1:16:32]} dxe5 {[%clk 1:08:27]} 11. Qxd8 {[%clk
1:12:21]} Bxd8 {[%clk 1:03:11]} 12. Bd5 {[%clk 1:06:33]} Nge7 {[%clk 0:58:46]}
13. Be3 {[%clk 0:52:51]} fxe4 {[%clk 0:36:24]} 14. Bxe4 {[%clk 0:51:52]} Bf5
{[%clk 0:30:30]} 15. Rad1 {[%clk 0:48:14]} Bxe4 {[%clk 0:28:36]} 16. Nxe4
{[%clk 0:48:37]} Nf5 {[%clk 0:28:59]} 17. Bc5 {[%clk 0:48:49]} Be7 {[%clk
0:17:41]} 18. Bxe7 {[%clk 0:42:48]} Nfxe7 {[%clk 0:17:29]} 19. Rd7 {[%clk
0:42:28]} Rac8 {[%clk 0:14:23]} 20. Rfd1 {[%clk 0:39:12]} Rfd8 {[%clk 0:13:51]}
21. Nc5 {[%clk 0:33:10]} 1-0

[Event "DEM U14 2020"]
[Site "Willingen GER"]
[Date "2020.10.20"]
[Round "1"]
[White "Sallandt, Frido"]
[Black "Haack, Kevin"]
[Result "0-1"]
[Termination "normal"]
[Board "4"]
[WhiteElo "1770"]
[BlackElo "2209"]
[WhiteClock "00:05:34"]
[BlackClock "00:11:53"]
[PlyCount "84"]
[WhiteFideId "16231767"]
[BlackFideId "16228715"]
[EventCountry "GER"]
[EventRounds "7"]
[EventType "swiss"]
[EventDate "2020.10.19"]

1. e4 {[%clk 1:30:57]} c5 {[%clk 1:30:53]} 2. Nc3 {[%clk 1:31:20]} Nc6 {[%clk
1:31:19]} 3. g3 {[%clk 1:31:44]} g6 {[%clk 1:31:42]} 4. Bg2 {[%clk 1:32:07]}
Bg7 {[%clk 1:32:03]} 5. d3 {[%clk 1:32:27]} d6 {[%clk 1:32:18]} 6. Be3 {[%clk
1:32:39]} e6 {[%clk 1:32:39]} 7. Qd2 {[%clk 1:32:55]} Rb8 {[%clk 1:32:57]} 8.
Nge2 {[%clk 1:32:58]} Nd4 {[%clk 1:32:53]} 9. O-O {[%clk 1:32:02]} b5 {[%clk
1:33:12]} 10. f4 {[%clk 1:30:58]} Ne7 {[%clk 1:33:30]} 11. Nd1 {[%clk 1:29:59]}
b4 {[%clk 1:33:03]} 12. Bxd4 {[%clk 1:19:57]} cxd4 {[%clk 1:33:14]} 13. Nf2
{[%clk 1:20:06]} O-O {[%clk 1:30:59]} 14. Kh1 {[%clk 1:15:11]} Qc7 {[%clk
1:26:02]} 15. Nh3 {[%clk 1:11:02]} Bd7 {[%clk 1:23:08]} 16. Ng5 {[%clk
1:07:50]} Rfc8 {[%clk 1:14:24]} 17. Rfc1 {[%clk 1:04:50]} Rb5 {[%clk 1:10:27]}
18. Nf3 {[%clk 1:02:00]} Qb6 {[%clk 1:08:44]} 19. g4 {[%clk 0:47:31]} e5 {[%clk
0:59:33]} 20. f5 {[%clk 0:44:12]} Rbc5 {[%clk 0:52:51]} 21. Ng3 {[%clk
0:40:57]} Ba4 {[%clk 0:44:25]} 22. b3 {[%clk 0:39:38]} Bd7 {[%clk 0:43:39]} 23.
Ne1 {[%clk 0:34:27]} Ra5 {[%clk 0:39:05]} 24. Nf3 {[%clk 0:27:38]} f6 {[%clk
0:35:58]} 25. h4 {[%clk 0:22:44]} gxf5 {[%clk 0:32:00]} 26. gxf5 {[%clk
0:21:57]} Be8 {[%clk 0:30:50]} 27. Bh3 {[%clk 0:20:42]} Kh8 {[%clk 0:29:00]}
28. h5 {[%clk 0:19:47]} Ng8 {[%clk 0:28:23]} 29. Qg2 {[%clk 0:15:53]} Rac5
{[%clk 0:23:29]} 30. Ne1 {[%clk 0:13:59]} R5c7 {[%clk 0:22:31]} 31. a4 {[%clk
0:12:24]} Bh6 {[%clk 0:18:30]} 32. Rcb1 {[%clk 0:10:04]} Bf4 {[%clk 0:16:23]}
33. h6 {[%clk 0:09:14]} Nxh6 {[%clk 0:15:08]} 34. Qf3 {[%clk 0:09:10]} Rg7
{[%clk 0:13:12]} 35. Nh5 {[%clk 0:09:08]} Bxh5 {[%clk 0:12:34]} 36. Qxh5 {[%clk
0:09:33]} Rg5 {[%clk 0:12:24]} 37. Qxh6 {[%clk 0:06:47]} Rg1+ {[%clk 0:12:38]}
38. Kxg1 {[%clk 0:07:11]} Bxh6 {[%clk 0:13:02]} 39. a5 {[%clk 0:06:52]} Qc7
{[%clk 0:12:24]} 40. Rd1 {[%clk 0:06:35]} Qg7+ {[%clk 0:11:57]} 41. Bg2 {[%clk
0:05:28]} Be3+ {[%clk 0:11:28]} 42. Kh2 {[%clk 0:05:34]} Qh6+ {[%clk 0:11:53]}
0-1

[Event "DEM U14 2020"]
[Site "Willingen GER"]
[Date "2020.10.20"]
[Round "1"]
[White "Bakiev, Diyor"]
[Black "Fuhrmann, Bahne"]
[Result "1-0"]
[Termination "normal"]
[Board "5"]
[WhiteElo "2070"]
[BlackElo "1816"]
[WhiteClock "00:18:16"]
[BlackClock "00:22:39"]
[PlyCount "87"]
[WhiteFideId "16241584"]
[BlackFideId "16244842"]
[EventCountry "GER"]
[EventRounds "7"]
[EventType "swiss"]
[EventDate "2020.10.19"]

1. e4 {[%clk 1:30:48]} e5 {[%clk 1:30:52]} 2. Nf3 {[%clk 1:31:10]} Nc6 {[%clk
1:31:14]} 3. Bb5 {[%clk 1:31:33]} a6 {[%clk 1:31:31]} 4. Ba4 {[%clk 1:31:57]}
Nf6 {[%clk 1:31:40]} 5. Bxc6 {[%clk 1:32:09]} dxc6 {[%clk 1:30:35]} 6. d3
{[%clk 1:32:24]} Bd6 {[%clk 1:26:38]} 7. Nbd2 {[%clk 1:32:06]} Bd7 {[%clk
1:24:29]} 8. Nc4 {[%clk 1:29:54]} Qe7 {[%clk 1:23:55]} 9. Bd2 {[%clk 1:27:12]}
b5 {[%clk 1:21:30]} 10. Ne3 {[%clk 1:24:06]} Nh5 {[%clk 1:19:03]} 11. Bc3
{[%clk 1:06:01]} Nf4 {[%clk 1:14:42]} 12. g3 {[%clk 1:02:11]} Ng6 {[%clk
1:12:05]} 13. h4 {[%clk 0:58:07]} h5 {[%clk 1:10:28]} 14. a4 {[%clk 0:53:18]}
b4 {[%clk 1:04:28]} 15. Bd2 {[%clk 0:53:09]} f6 {[%clk 1:03:57]} 16. Qe2 {[%clk
0:50:32]} Be6 {[%clk 1:00:37]} 17. b3 {[%clk 0:47:24]} Qf7 {[%clk 0:53:07]} 18.
Nc4 {[%clk 0:40:20]} c5 {[%clk 0:49:56]} 19. O-O-O {[%clk 0:32:04]} Ne7 {[%clk
0:39:27]} 20. Ne1 {[%clk 0:25:02]} Nc6 {[%clk 0:36:56]} 21. Be3 {[%clk
0:24:02]} Nd4 {[%clk 0:35:47]} 22. Bxd4 {[%clk 0:23:51]} cxd4 {[%clk 0:35:58]}
23. Ng2 {[%clk 0:21:48]} g5 {[%clk 0:33:04]} 24. hxg5 {[%clk 0:18:00]} Bxc4
{[%clk 0:27:14]} 25. g6 {[%clk 0:15:21]} Qxg6 {[%clk 0:26:57]} 26. dxc4 {[%clk
0:14:59]} Qg5+ {[%clk 0:24:31]} 27. Kb1 {[%clk 0:14:10]} c5 {[%clk 0:22:43]}
28. Nh4 {[%clk 0:10:38]} O-O-O {[%clk 0:21:40]} 29. Nf5 {[%clk 0:10:34]} Kc7
{[%clk 0:21:40]} 30. Rh4 {[%clk 0:09:40]} Rd7 {[%clk 0:12:28]} 31. Rdh1 {[%clk
0:09:31]} Rdh7 {[%clk 0:12:39]} 32. g4 {[%clk 0:09:06]} Bf8 {[%clk 0:12:51]}
33. gxh5 {[%clk 0:08:42]} Bh6 {[%clk 0:12:03]} 34. f4 {[%clk 0:04:51]} Qg8
{[%clk 0:09:22]} 35. fxe5 {[%clk 0:04:22]} fxe5 {[%clk 0:08:34]} 36. Rg4 {[%clk
0:04:23]} Qf7 {[%clk 0:08:31]} 37. Rhg1 {[%clk 0:03:26]} Qxh5 {[%clk 0:07:39]}
38. Qg2 {[%clk 0:02:39]} Kb8 {[%clk 0:01:06]} 39. Rh1 {[%clk 0:01:42]} Qxh1+
{[%clk 0:00:41]} 40. Qxh1 {[%clk 0:01:54]} Bd2 {[%clk 0:00:51]} 41. Qd1 {[%clk
0:22:45]} Bc3 {[%clk 0:27:42]} 42. Rg1 {[%clk 0:19:27]} Rh2 {[%clk 0:27:02]}
43. Ne7 {[%clk 0:18:10]} Kc7 {[%clk 0:22:39]} 44. Nd5+ {[%clk 0:18:16]} 1-0

[Event "DEM U14 2020"]
[Site "Willingen GER"]
[Date "2020.10.20"]
[Round "1"]
[White "Weidenhöfer, Max"]
[Black "Laux, Dominik"]
[Result "0-1"]
[Termination "normal"]
[Board "6"]
[WhiteElo "1897"]
[BlackElo "2009"]
[WhiteClock "00:24:55"]
[BlackClock "00:51:15"]
[PlyCount "48"]
[WhiteFideId "16230566"]
[BlackFideId "12994219"]
[EventCountry "GER"]
[EventRounds "7"]
[EventType "swiss"]
[EventDate "2020.10.19"]

1. e4 {[%clk 1:30:58]} c6 {[%clk 1:30:54]} 2. d4 {[%clk 1:31:23]} d5 {[%clk
1:31:15]} 3. e5 {[%clk 1:31:47]} Bf5 {[%clk 1:31:40]} 4. h4 {[%clk 1:32:10]} h5
{[%clk 1:31:53]} 5. Bd3 {[%clk 1:32:34]} Bxd3 {[%clk 1:31:53]} 6. Qxd3 {[%clk
1:33:01]} Qa5+ {[%clk 1:31:46]} 7. Nd2 {[%clk 1:33:20]} e6 {[%clk 1:31:44]} 8.
Ngf3 {[%clk 1:32:47]} Qa6 {[%clk 1:31:59]} 9. c4 {[%clk 1:32:04]} Nh6 {[%clk
1:31:41]} 10. b3 {[%clk 1:31:21]} Nf5 {[%clk 1:31:56]} 11. Bb2 {[%clk 1:28:27]}
Be7 {[%clk 1:28:40]} 12. g3 {[%clk 1:20:47]} c5 {[%clk 1:22:53]} 13. O-O {[%clk
1:17:43]} Nc6 {[%clk 1:21:26]} 14. Rfe1 {[%clk 1:09:24]} Rd8 {[%clk 1:19:13]}
15. dxc5 {[%clk 0:55:12]} Bxc5 {[%clk 1:19:12]} 16. Kg2 {[%clk 0:55:19]} Nb4
{[%clk 1:09:16]} 17. Qb1 {[%clk 0:52:32]} dxc4 {[%clk 1:06:04]} 18. Nxc4 {[%clk
0:46:40]} Nd3 {[%clk 1:01:11]} 19. Re2 {[%clk 0:39:08]} O-O {[%clk 0:59:00]}
20. Bc3 {[%clk 0:34:24]} b5 {[%clk 0:53:06]} 21. Nb2 {[%clk 0:29:06]} b4 {[%clk
0:51:14]} 22. Nxd3 {[%clk 0:28:48]} Rxd3 {[%clk 0:51:41]} 23. Bb2 {[%clk
0:26:47]} Rfd8 {[%clk 0:51:25]} 24. Qf1 {[%clk 0:24:55]} Qb7 {[%clk 0:51:15]}
0-1

[Event "DEM U14 2020"]
[Site "Willingen GER"]
[Date "2020.10.20"]
[Round "1"]
[White "Hagner, Bennet"]
[Black "Schwartz, Oliver"]
[Result "0-1"]
[Termination "normal"]
[Board "7"]
[WhiteElo "2080"]
[BlackElo "1794"]
[WhiteClock "00:00:50"]
[BlackClock "00:02:30"]
[PlyCount "120"]
[WhiteFideId "16224477"]
[BlackFideId "16207459"]
[EventCountry "GER"]
[EventRounds "7"]
[EventType "swiss"]
[EventDate "2020.10.19"]

1. e4 {[%clk 1:30:57]} c5 {[%clk 1:30:52]} 2. Nf3 {[%clk 1:31:22]} Nc6 {[%clk
1:31:14]} 3. d4 cxd4 {[%clk 1:31:38]} 4. Nxd4 {[%clk 1:32:10]} Nf6 {[%clk
1:31:59]} 5. Nc3 {[%clk 1:32:36]} e5 {[%clk 1:32:20]} 6. Ndb5 {[%clk 1:33:00]}
d6 {[%clk 1:32:43]} 7. Bg5 {[%clk 1:33:25]} a6 {[%clk 1:33:04]} 8. Na3 {[%clk
1:33:51]} b5 {[%clk 1:33:27]} 9. Nd5 {[%clk 1:34:16]} Be7 {[%clk 1:33:50]} 10.
Bxf6 {[%clk 1:34:40]} Bxf6 {[%clk 1:34:13]} 11. c3 {[%clk 1:35:04]} O-O {[%clk
1:34:35]} 12. Nc2 {[%clk 1:35:26]} Rb8 {[%clk 1:34:58]} 13. h4 {[%clk 1:35:35]}
Be7 {[%clk 1:34:35]} 14. Nce3 {[%clk 1:35:17]} Be6 {[%clk 1:34:26]} 15. Bd3
{[%clk 1:31:41]} Qd7 {[%clk 1:31:31]} 16. b4 {[%clk 1:26:52]} Rfc8 {[%clk
1:25:28]} 17. a4 {[%clk 1:25:58]} Bd8 {[%clk 1:22:52]} 18. axb5 {[%clk
1:24:19]} axb5 {[%clk 1:22:38]} 19. g4 {[%clk 0:57:19]} Ne7 {[%clk 1:15:58]}
20. Kd2 {[%clk 0:56:22]} Ng6 {[%clk 1:01:05]} 21. g5 {[%clk 0:51:52]} Nf4
{[%clk 0:53:01]} 22. Qf3 {[%clk 0:41:17]} Nxd3 {[%clk 0:32:06]} 23. Kxd3 {[%clk
0:41:31]} Bb6 {[%clk 0:30:23]} 24. Nf5 {[%clk 0:29:24]} Bxd5 {[%clk 0:26:37]}
25. exd5 {[%clk 0:29:38]} Rc4 {[%clk 0:26:37]} 26. Qh3 {[%clk 0:25:18]} Qc7
{[%clk 0:23:41]} 27. Ra3 {[%clk 0:21:00]} Rf4 {[%clk 0:16:24]} 28. f3 {[%clk
0:18:48]} e4+ {[%clk 0:14:19]} 29. Kc2 {[%clk 0:14:39]} Rxf3 {[%clk 0:13:22]}
30. Qg4 {[%clk 0:14:35]} Qc4 {[%clk 0:12:22]} 31. Rh2 {[%clk 0:12:39]} Qd3+
{[%clk 0:09:27]} 32. Kb2 {[%clk 0:12:47]} Rf1 {[%clk 0:07:24]} 33. Rc2 {[%clk
0:12:41]} e3 {[%clk 0:06:10]} 34. Ne7+ {[%clk 0:09:58]} Kh8 {[%clk 0:05:20]}
35. Nc6 {[%clk 0:08:19]} Rf8 {[%clk 0:04:19]} 36. c4 {[%clk 0:06:39]} Rb1+
{[%clk 0:02:44]} 37. Kxb1 {[%clk 0:06:57]} Qxa3 {[%clk 0:03:06]} 38. c5 {[%clk
0:02:43]} Ra8 {[%clk 0:02:20]} 39. Qd4 {[%clk 0:02:47]} dxc5 {[%clk 0:01:21]}
40. Qc3 {[%clk 0:00:32]} cxb4 {[%clk 0:00:38]} 41. Nxb4 {[%clk 0:28:15]} Qxc3
{[%clk 0:22:18]} 42. Rxc3 {[%clk 0:28:43]} Bd4 {[%clk 0:17:15]} 43. Rc7 {[%clk
0:26:04]} f5 {[%clk 0:13:51]} 44. Nd3 {[%clk 0:21:25]} Kg8 {[%clk 0:12:05]} 45.
h5 {[%clk 0:18:10]} Kf8 {[%clk 0:10:52]} 46. h6 {[%clk 0:14:12]} gxh6 {[%clk
0:08:34]} 47. gxh6 {[%clk 0:13:08]} Kg8 {[%clk 0:08:35]} 48. Rb7 {[%clk
0:09:34]} Ra1+ {[%clk 0:06:33]} 49. Kc2 {[%clk 0:10:03]} Ra2+ {[%clk 0:06:52]}
50. Kc1 {[%clk 0:08:31]} e2 {[%clk 0:05:30]} 51. Re7 {[%clk 0:06:31]} Bc3
{[%clk 0:04:01]} 52. d6 {[%clk 0:06:09]} Rd2 {[%clk 0:02:40]} 53. Re8+ {[%clk
0:00:33]} Kf7 {[%clk 0:02:54]} 54. Re7+ {[%clk 0:00:43]} Kf8 {[%clk 0:02:42]}
55. Ne1 {[%clk 0:00:31]} Rd1+ {[%clk 0:02:19]} 56. Kc2 {[%clk 0:01:00]} Bxe1
{[%clk 0:02:10]} 57. Rxe2 {[%clk 0:01:11]} Rd2+ {[%clk 0:02:21]} 58. Rxd2
{[%clk 0:00:39]} Bxd2 {[%clk 0:02:48]} 59. Kxd2 {[%clk 0:00:59]} f4 {[%clk
0:02:30]} 60. Kd3 {[%clk 0:00:50]} b4 0-1

[Event "DEM U14 2020"]
[Site "Willingen GER"]
[Date "2020.10.20"]
[Round "1"]
[White "Niemann, Leon"]
[Black "Farokhi, Keyvan"]
[Result "0-1"]
[Termination "normal"]
[Board "8"]
[WhiteElo "1880"]
[BlackElo "2001"]
[WhiteClock "00:21:42"]
[BlackClock "00:50:22"]
[PlyCount "42"]
[WhiteFideId "16218388"]
[BlackFideId "12998630"]
[EventCountry "GER"]
[EventRounds "7"]
[EventType "swiss"]
[EventDate "2020.10.19"]

1. e4 {[%clk 1:30:58]} e5 {[%clk 1:30:48]} 2. Nf3 {[%clk 1:31:21]} Nc6 {[%clk
1:31:12]} 3. Bc4 {[%clk 1:31:42]} Nf6 {[%clk 1:31:35]} 4. d3 {[%clk 1:32:06]}
Be7 {[%clk 1:31:50]} 5. O-O {[%clk 1:32:25]} O-O {[%clk 1:32:09]} 6. Re1 {[%clk
1:32:29]} d6 {[%clk 1:32:27]} 7. c3 {[%clk 1:32:35]} Na5 {[%clk 1:32:31]} 8.
Bb5 {[%clk 1:32:56]} a6 {[%clk 1:32:48]} 9. Ba4 {[%clk 1:33:20]} b5 {[%clk
1:33:06]} 10. Bc2 {[%clk 1:33:43]} c5 {[%clk 1:33:23]} 11. d4 {[%clk 1:32:09]}
Qc7 {[%clk 1:30:50]} 12. b3 {[%clk 1:26:58]} cxd4 {[%clk 1:28:43]} 13. cxd4
{[%clk 1:26:23]} Bg4 {[%clk 1:28:57]} 14. Bd3 {[%clk 1:20:21]} exd4 {[%clk
1:17:31]} 15. Bb2 {[%clk 1:17:02]} Nc6 {[%clk 1:16:58]} 16. Be2 {[%clk
1:04:16]} Nxe4 {[%clk 1:04:19]} 17. Nxd4 {[%clk 1:02:45]} Bxe2 {[%clk 1:04:40]}
18. Rxe2 {[%clk 0:52:50]} Nxd4 {[%clk 1:00:21]} 19. Rxe4 {[%clk 0:50:06]} Qc2
{[%clk 0:49:49]} 20. Qxc2 {[%clk 0:21:18]} Nxc2 {[%clk 0:50:15]} 21. Rxe7
{[%clk 0:21:42]} Rfe8 {[%clk 0:50:22]} 0-1

[Event "DEM U14 2020"]
[Site "Willingen GER"]
[Date "2020.10.20"]
[Round "1"]
[White "Halabi, Ibrahim"]
[Black "Mimkes, Antal"]
[Result "1-0"]
[Termination "normal"]
[Board "9"]
[WhiteElo "1895"]
[BlackElo "1567"]
[WhiteClock "00:24:21"]
[BlackClock "00:19:02"]
[PlyCount "131"]
[WhiteFideId "16241754"]
[BlackFideId "16265963"]
[EventCountry "GER"]
[EventRounds "7"]
[EventType "swiss"]
[EventDate "2020.10.19"]

1. e4 {[%clk 1:30:57]} d5 {[%clk 1:30:38]} 2. exd5 {[%clk 1:31:16]} c6 {[%clk
1:30:44]} 3. dxc6 {[%clk 1:27:31]} Nxc6 {[%clk 1:30:13]} 4. Nf3 {[%clk
1:27:24]} e5 {[%clk 1:30:01]} 5. Nc3 {[%clk 1:26:07]} Nf6 {[%clk 1:26:48]} 6.
d3 {[%clk 1:24:51]} Bc5 {[%clk 1:25:04]} 7. Be2 {[%clk 1:18:50]} O-O {[%clk
1:20:11]} 8. O-O {[%clk 1:13:04]} h6 {[%clk 1:15:09]} 9. Ne4 {[%clk 1:06:52]}
Bb6 {[%clk 1:13:07]} 10. Nxf6+ {[%clk 1:01:51]} Qxf6 {[%clk 1:12:43]} 11. c3
{[%clk 0:48:31]} Bf5 {[%clk 1:09:38]} 12. Be3 {[%clk 0:46:15]} Bc7 {[%clk
1:06:51]} 13. Nd2 {[%clk 0:41:54]} Rad8 {[%clk 1:05:50]} 14. Qc2 {[%clk
0:40:12]} Qg6 {[%clk 1:00:49]} 15. Ne4 {[%clk 0:40:01]} h5 {[%clk 0:57:08]} 16.
Kh1 {[%clk 0:35:28]} Be6 {[%clk 0:53:18]} 17. f4 {[%clk 0:30:48]} f5 {[%clk
0:49:33]} 18. Ng5 {[%clk 0:29:38]} Bd5 {[%clk 0:47:36]} 19. Bf3 {[%clk
0:25:40]} exf4 {[%clk 0:43:39]} 20. Bxd5+ {[%clk 0:23:31]} Rxd5 {[%clk
0:42:58]} 21. Qb3 {[%clk 0:23:46]} Rfd8 {[%clk 0:41:55]} 22. Qxb7 {[%clk
0:20:49]} fxe3 {[%clk 0:35:11]} 23. Qxc7 {[%clk 0:20:12]} e2 {[%clk 0:31:16]}
24. Rfe1 {[%clk 0:17:24]} Rxd3 {[%clk 0:28:31]} 25. Rxe2 {[%clk 0:15:10]} Qxg5
{[%clk 0:20:54]} 26. Qxc6 {[%clk 0:14:54]} Qg4 {[%clk 0:20:12]} 27. Qe6+ {[%clk
0:14:11]} Kh8 {[%clk 0:18:16]} 28. Rae1 {[%clk 0:11:42]} Rd2 {[%clk 0:15:28]}
29. h3 {[%clk 0:10:45]} Rxe2 {[%clk 0:13:01]} 30. Qxe2 {[%clk 0:09:57]} Qg5
{[%clk 0:12:33]} 31. Rd1 {[%clk 0:05:39]} Rf8 {[%clk 0:10:01]} 32. Qf3 {[%clk
0:04:50]} Rb8 {[%clk 0:07:58]} 33. b3 {[%clk 0:04:42]} Re8 {[%clk 0:06:53]} 34.
Rf1 {[%clk 0:02:44]} Rf8 {[%clk 0:05:28]} 35. c4 {[%clk 0:02:44]} g6 {[%clk
0:03:32]} 36. Qf4 {[%clk 0:02:15]} Qf6 {[%clk 0:03:06]} 37. Rd1 {[%clk
0:02:18]} g5 {[%clk 0:01:37]} 38. Qd4 {[%clk 0:01:32]} g4 {[%clk 0:00:37]} 39.
Qxf6+ {[%clk 0:01:39]} Rxf6 {[%clk 0:01:01]} 40. hxg4 {[%clk 0:01:34]} hxg4
{[%clk 0:00:54]} 41. Rd8+ {[%clk 0:01:47]} Kg7 {[%clk 0:00:44]} 42. Rd7+ {[%clk
0:02:11]} Kg6 {[%clk 0:00:50]} 43. c5 {[%clk 0:30:00]} Kg5 {[%clk 0:26:39]} 44.
g3 {[%clk 0:25:47]} Rc6 {[%clk 0:24:37]} 45. b4 {[%clk 0:25:51]} a5 {[%clk
0:24:46]} 46. a3 {[%clk 0:25:49]} axb4 {[%clk 0:25:01]} 47. axb4 {[%clk
0:26:11]} Ra6 {[%clk 0:25:20]} 48. Rd2 {[%clk 0:26:06]} Ra1+ {[%clk 0:24:16]}
49. Kg2 {[%clk 0:26:09]} Rb1 {[%clk 0:24:03]} 50. Rd4 {[%clk 0:26:01]} Rb2+
{[%clk 0:20:34]} 51. Kf1 {[%clk 0:26:20]} Rb1+ {[%clk 0:20:54]} 52. Ke2 {[%clk
0:25:34]} Rb2+ {[%clk 0:20:49]} 53. Kd3 {[%clk 0:24:37]} Rb3+ {[%clk 0:20:27]}
54. Kc2 {[%clk 0:24:57]} Rxg3 {[%clk 0:20:16]} 55. c6 {[%clk 0:25:06]} Rh3
{[%clk 0:19:51]} 56. c7 {[%clk 0:25:12]} Rh2+ {[%clk 0:18:40]} 57. Rd2 {[%clk
0:24:35]} Rh8 {[%clk 0:18:51]} 58. Rd8 {[%clk 0:24:15]} Rh2+ {[%clk 0:19:06]}
59. Rd2 {[%clk 0:23:45]} Rh8 {[%clk 0:19:29]} 60. b5 {[%clk 0:23:43]} g3 {[%clk
0:18:10]} 61. b6 {[%clk 0:23:21]} Rc8 {[%clk 0:18:19]} 62. Rd8 {[%clk 0:23:21]}
g2 {[%clk 0:18:17]} 63. Rxc8 {[%clk 0:23:28]} Kh4 {[%clk 0:18:13]} 64. Rh8+
{[%clk 0:23:40]} Kg3 {[%clk 0:18:39]} 65. Rg8+ {[%clk 0:24:05]} Kf2 {[%clk
0:19:02]} 66. c8=Q {[%clk 0:24:21]} 1-0